000 00463nam a2200181Ia 4500
005 20240823055154.0
008 240823s9999||||xx |||||||||||||| ||und||
041 _aENGLISH
082 _A660.65 Q7
100 _a"Nicholl, Desmond S T"
245 3 _aAn Introduction to Genetic Engineering
250 _a3rd
260 _c2017
_bCambridge Universities
500 _aYES
650 _aGenetic Engineering
_bBio Medical Engg.
942 _cBK
999 _c228156
_d228156